Engineering Mechanics Vol.II Dynamics (Record no. 199912)

MARC details
000 -LEADER
fixed length control field 00481nam a2200181Ia 4500
008 - FIXED-LENGTH DATA ELEMENTS--GENERAL INFORMATION
fixed length control field 230714s9999 xx 000 0 und d
020 ## - INTERNATIONAL STANDARD BOOK NUMBER
International Standard Book Number 9790000000000
041 ## - LANGUAGE CODE
Language code of text/sound track or separate title eng
082 ## - DEWEY DECIMAL CLASSIFICATION NUMBER
Classification number 620.1
Item number MER
100 ## - MAIN ENTRY--PERSONAL NAME
Personal name Meriam J.L.
245 ## - TITLE STATEMENT
Title Engineering Mechanics Vol.II Dynamics
250 ## - EDITION STATEMENT
Edition statement 5th ed.
260 ## - PUBLICATION, DISTRIBUTION, ETC. (IMPRINT)
Date of publication, distribution, etc. 2009
Name of publisher, distributor, etc. John Wiley
300 ## - PHYSICAL DESCRIPTION
Extent 710
365 ## - TRADE PRICE
Currency code Rs.
Price amount 399.00
700 ## - ADDED ENTRY--PERSONAL NAME
Personal name Meriam J.L. & Kraige L.G.
906 ## - LOCAL DATA ELEMENT F, LDF (RLIN)
d O:0061925-Feb-2010B:103203-Feb-2010
c ALLEDS
b 399

No items available.